Normal view MARC view
  • Literatura infantil chilena

Entry Materia

Number of records used in: 29

001 - NÚMERO DE CONTROL DEL REGISTRO

  • campo de control: 15614

003 - IDENTIFICADOR DE NUMERO DE CONTROL

  • campo de control: MX-MxUPN

005 - FECHA Y HORA DE LA ÚLTIMA TRANSACCIÓN

  • campo de control: 20230921193544.0

008 - DATOS DE LONGITUD FIJA

  • campo de control de longitud fija: 230921 n acnnnbabn n ana |d

035 ## - NÚMERO DE CONTROL DEL SISTEMA

  • Número de control del sistema: UPN10000015622

040 ## - FUENTE DE LA CATALOGACIÓN

  • Lengua de catalogación: spa
  • Centro catalogador de origen: MX-MxUPN

150 ## - ENCABEZAMIENTO - TEMÁTICO

  • Término de materia o nombre geográfico como elemento inicial: Literatura infantil chilena

670 ## - FUENTE EN LA QUE SE LOCALIZARON DATOS

  • Cita de la fuente: Escamilla González, G. Lista de encabezamientos de materia, 1978 :
  • Información localizada: página 519 (Literatura infantil alemana)

902 ## - CATALOGADOR

  • Catalogador: EMR/100610
  • Catalogador: VíctorGodínez/210923